{"text_format":"3","workbook":"xls","n_sheets":1,"sheets":["Hoja1"],"not_rendered":{"external_links":1,"defined_names":1},"read":"whole","date_system":"1900","formulas":"cached_only"}

{"sheet":"Hoja1","index":0,"n_rows":79,"n_cols":10,"rows_kept":79,"merged":[[9,0,10,0],[9,1,10,1],[9,2,10,2],[9,3,10,3],[9,4,10,4],[9,5,10,5],[9,6,10,6],[9,7,10,7],[74,5,74,6],[75,5,75,6]],"flags":["formulas_cached_only"]}
[]
["Servicio Nacional de Salud"]
["Informe Mensual de Almacén General, Despensa y Medicina "]
[]
["ALMACEN: SUMINISTRO  Y OFICINA "]
["ESTABLECIMIENTO: Hospital Yrene Fernández  REGION II"]
["AREA DE SALUD ________________________MES  ABRIL      AÑO 2020",null,"MES  DICIEMBRE",null,"AÑO 2025"]
[]
[]
["ARTICULO","UNIDAD","EXISTENCIA ANTERIOR","ENTRADA","CONSUMIDO","EXISTENCIA FINAL","VALOR UNITARIO","VALOR TOTAL"]
[{"$nulls":9}," "]
["Papel  81/2 x 11","Resma ",24,0,15,9,429.99,{"v":3869.91,"d":"3,869.91"}]
["Papel  81/2 x 14","Resma ",5,3,1,7,324.99,{"v":2274.9300000000003,"d":"2,274.93"}]
["Papel sumadora 2 1/4","Rollo",3,0,0,3,{"v":20,"d":"20.00"},{"v":60,"d":"60.00"}]
["Folder 8 1/2 x 11","Caja",6,4,1,9,{"v":302,"d":"302.00"},{"v":2718,"d":"2,718.00"}]
["Sobre manilla 8 1/2 x 11","UNIDAD",500,0,300,200,{"v":15,"d":"15.00"},{"v":3000,"d":"3,000.00"}]
["Sobre manilla 14 x 17","Unidad",0,0,0,0,{"v":4.7,"d":"4.70"},{"v":0,"d":"0.00"}]
["CD ","UNIDAD",100,0,100,0,{"v":16,"d":"16.00"},{"v":0,"d":"0.00"}]
["Lapiz Carbon ","Caja ",4,0,0,4,{"v":90,"d":"90.00"},{"v":360,"d":"360.00"}]
["Resaltador ","UNIDAD",2,0,0,2,{"v":29,"d":"29.00"},{"v":58,"d":"58.00"}]
["Grapadora ","UNIDAD",3,0,3,0,{"v":225,"d":"225.00"},{"v":0,"d":"0.00"}]
["Postin","Docena ","33",0,0,33,{"v":199,"d":"199.00"},{"v":6567,"d":"6,567.00"}]
["Lapicero azul ","Caja ","17",0,1,16,{"v":98,"d":"98.00"},{"v":1568,"d":"1,568.00"}]
["Lapicero rojo","Caja ","1",0,0,1,{"v":98,"d":"98.00"},{"v":98,"d":"98.00"}]
["Borrador de leche ","Caja",4,0,2,2,{"v":256.4,"d":"256.40"},{"v":512.8,"d":"512.80"}]
["Humectante para dedos","UNIDAD",2,0,0,2,{"v":85,"d":"85.00"},{"v":170,"d":"170.00"}]
["Liquid paper ","UNIDAD ",3,0,1,2,119.99,239.98]
["Cinta adhesiva transparente ","UNIDAD",5,0,2,3,{"v":34,"d":"34.00"},{"v":102,"d":"102.00"}]
["Cuaderno","UNIDAD",15,1,0,16,{"v":82,"d":"82.00"},{"v":1312,"d":"1,312.00"}]
["Gomitas ","Caja ",12,0,1,11,{"v":22,"d":"22.00"},{"v":242,"d":"242.00"}]
["Tinta Rollón","UNIDAD",0,0,0,0,{"v":100,"d":"100.00"},{"v":0,"d":"0.00"}]
["Clip pequeñó","Caja",6,1,0,7,{"v":14,"d":"14.00"},{"v":98,"d":"98.00"}]
["Clip grande ","Caja",11,0,0,11,{"v":49,"d":"49.00"},{"v":539,"d":"539.00"}]
["Cartulina ","Unidad ",0,0,0,0,{"v":25,"d":"25.00"},{"v":0,"d":"0.00"}]
["Marcadores 12 udes","Caja",4.16,0,0.11,4.05,{"v":255,"d":"255.00"},{"v":1032.75,"d":"1,032.75"}]
["Grapa ","Caja",10,0,1,9,{"v":79,"d":"79.00"},{"v":711,"d":"711.00"}]
["Sacagrapa","Unidad ",3,0,0,3,{"v":25,"d":"25.00"},{"v":75,"d":"75.00"}]
["Sacapunta","Unidad",4,0,0,4,{"v":35,"d":"35.00"},{"v":140,"d":"140.00"}]
["Perforadora ","Unidad ",2,0,0,2,{"v":430,"d":"430.00"},{"v":860,"d":"860.00"}]
["Tijera ","Unidad",0,0,0,0,{"v":250,"d":"250.00"},{"v":0,"d":"0.00"}]
["Marquintel","Unidad",12,6,0,18,{"v":45,"d":"45.00"},{"v":810,"d":"810.00"}]
["Papel carbon ","Paquete ",1,0,0,1,{"v":350,"d":"350.00"},{"v":350,"d":"350.00"}]
["Toner 650","Unidad",2,0,1,1,{"v":1500,"d":"1,500.00"},{"v":1500,"d":"1,500.00"}]
["Toner 285","Unidad",2,5,2,5,{"v":1150,"d":"1,150.00"},{"v":5750,"d":"5,750.00"}]
["Toner 230","Unidad",2,0,2,0,{"v":2500,"d":"2,500.00"},{"v":0,"d":"0.00"}]
["Toner 217 ","Unidad ",4,0,1,3,{"v":2500,"d":"2,500.00"},{"v":7500,"d":"7,500.00"}]
["Toner 1105A","Unidad",2,3,3,2,{"v":3186,"d":"3,186.00"},{"v":6372,"d":"6,372.00"}]
["Clip carpeta ","Caja",3,1,0,4,{"v":135,"d":"135.00"},{"v":540,"d":"540.00"}]
["Pila Duracell AA","Paquete",3,2,3,2,359.97,719.94]
["Pila Duracell AAA","Paquete",3,2,3,2,359.97,719.94]
["Recetarios ","Talonarios ",24,0,4,20,{"v":150,"d":"150.00"},{"v":3000,"d":"3,000.00"}]
["Talonarios analitica ","Talonarios ",30,0,0,30,{"v":150,"d":"150.00"},{"v":4500,"d":"4,500.00"}]
["Subtotal",{"$nulls":6},{"v":58370.25,"d":"58,370.25"}]
["Limpieza "]
["Cloro","Caja ",7,4,5,6,539.96,{"v":3239.76,"d":"3,239.76"}]
["Desinfectante","Caja ",7,0,3,4,819.96,{"v":3279.84,"d":"3,279.84"}]
["Jabón de cuaba en pasta ","Caja ",1.2,0,0.2,1,{"v":812,"d":"812.00"},{"v":812,"d":"812.00"}]
["Ace ","Saco",2,0,1,1,{"v":973,"d":"973.00"},{"v":973,"d":"973.00"}]
["Suavitel","Unidad",2,4,2,4,{"v":380,"d":"380.00"},{"v":1520,"d":"1,520.00"}]
["Suaper ","Unidad",7,0,2,5,294.99,{"v":1474.95,"d":"1,474.95"}]
["Escoba ","Unidad",5,0,1,4,{"v":150,"d":"150.00"},{"v":600,"d":"600.00"}]
["Jabón líquido","Galón ",3,0,1,2,{"v":275,"d":"275.00"},{"v":550,"d":"550.00"}]
["Nabaja ","Paquete",1,0,0,1,{"v":570,"d":"570.00"},{"v":570,"d":"570.00"}]
["Spray limpia espejo","Unidad",1,0,0,1,{"v":107,"d":"107.00"},{"v":107,"d":"107.00"}]
["Cepillo para inodoro","Unidad",1,0,1,0,{"v":90,"d":"90.00"},{"v":0,"d":"0.00"}]
["Funda roja 35 galones ","unidad",200,0,0,200,{"v":6,"d":"6.00"},{"v":1200,"d":"1,200.00"}]
["Toalla mediana ","Unidad",20,0,0,20,{"v":40,"d":"40.00"},{"v":800,"d":"800.00"}]
["Papel de Baño","Faldo",5,5,5,5,875.88,{"v":4379.4,"d":"4,379.40"}]
["Toalla absorbente ","Faldo",1,2,1,2,{"v":2999.88,"d":"2,999.88"},{"v":5999.76,"d":"5,999.76"}]
["Guante multiuso","Par ",9,0,0,9,{"v":117,"d":"117.00"},{"v":1053,"d":"1,053.00"}]
["funda negras 35 galones ","Unidad",500,500,500,500,32.99,{"v":16495,"d":"16,495.00"}]
["funda negras 30 galones ","Unidad",200,0,100,100,32.99,{"v":3299,"d":"3,299.00"}]
["Funda negras 55 galones ","Unidad ",500,0,0,500,32.99,{"v":16495,"d":"16,495.00"}]
["Guante small","Paquete",3,0,0,3,{"v":120,"d":"120.00"},{"v":360,"d":"360.00"}]
[{"$nulls":5},"SUBTOTAL",null,{"v":63207.71,"d":"63,207.71"}]
[{"$nulls":5},"Total general",null,{"v":121577.95999999999,"d":"121,577.96"}]
[]
[]
["Encargada de Almacén",null,null,"Administrador ",null,null,"Directora"]